000 00515nam a2200181Ia 4500
003 GCL
008 140319s9999 xx 000 0 ara d
040 _aGCL /
_cGCL
082 0 4 _a956.531
_bق د
100 1 _aقتيبة الشهابى
245 1 0 _aدمشق: تاريخ وصور /
_cقتيبة الشهابى
300 _a411 ص
490 _aالهيئة العامة للاستعلامات
_v0
650 0 4 _aتاريخ
650 0 4 _aدمشق - تاريخ
650 0 4 _aدمشق - صور
942 _2ddc
_cBK
999 _c48971
_d48971